• 首页
  • 本馆介绍
  • 公告通知
  • 最新文献
  • 馆藏检索
  • 电子资源
  • 读者导购
  • 参考咨询
  • 我的图书馆
  • 登录
  • 详细信息显示
  • 放入我的书架
  • 预约/预借图书
  • 作者相关作品
  • 分类相关作品
  • 丛书相关作品
  • 出版社相关作品

书目信息

  • 表格格式
  • 工作单格式
  • 卡片格式
题名:
管乐队现代化训练教程
    
 
作者: 奥莱利 , 威廉姆斯 编 ;胡越菲 翻译
分册: 长号2  
出版信息: 上海   上海音乐出版社  2013
页数: 47页
开本: 31cm
丛书名:
单 册:
中图分类: J621.76
科图分类:
主题词: 长号--吹奏法--教材 , 长号 , 吹奏法
电子资源:
ISBN: 978-7-5523-0224-0
000 01016nam0 2200301 45
001 012001009455
005 20140102090658.0
010    @a978-7-5523-0224-0@dCNY38.00
100    @a20130724d2013 em y0chiy50 ea
101 1  @achi@ceng
102    @aCN@b310000
105    @aag z 000yy
106    @ar
200 1  @a管乐队现代化训练教程@9chang hao@h长号2@b专著@f约翰·奥莱利(John O'Reilly),马克·威廉姆斯(Mark Williams)编@g胡越菲,翻译
210    @a上海@c上海音乐出版社@c上海文艺音像电子出版社@d2013
215    @a47页@c图@d31cm@e1光盘
300    @a管乐队现代化训练教程
305    @a美国阿尔弗莱德出版公司提供版权
307    @a附光盘:ISBN 978-7-88880-595-8
606 0  @a长号@x吹奏法@j教材
606 0  @a长号
606 0  @a吹奏法
690    @aJ621.76@v5
701  0 @c( )@a奥莱利@9ao lai li@c(O'Reilly, John)@4编
701  0 @c( )@a威廉姆斯@9wei lian mu si@c(Williams, Mark)@c(音乐)@4编
702  0 @a胡越菲@9hu yue fei@4翻译
801  2 @aCN@b上海新华@c20191020
905    @b1188256-9@dJ621.76@e401@f4
    
    管乐队现代化训练教程.长号2/约翰·奥莱利(John O'Reilly),马克·威廉姆斯(Mark Williams)编/胡越菲,翻译.-上海:上海音乐出版社:上海文艺音像电子出版社,2013
    47页:图;31cm+1光盘
    管乐队现代化训练教程
    
    ISBN 978-7-5523-0224-0:CNY38.00
    
●
相关链接 在E读中查询图书 在五车中查询图书 在当当中查询图书 在豆瓣中查询图书


正题名:管乐队现代化训练教程     索取号:J621.76/401         预约/预借

序号 登录号 条形码 馆藏地/架位号 状态 备注
1 1188256   211882569   第一样本阅览室/ [索取号:J621.76/401] 在馆    
2 1188257   211882578   第一借阅区/ [索取号:J621.76/401] 在馆    
3 1188258   211882587   第一借阅区/ [索取号:J621.76/401] 在馆    
4 1188259   211882596   第一借阅区/ [索取号:J621.76/401] 在馆    
唐山师范学院图书馆 欢迎您!
大连网信软件有限公司© 版权所有